000
00313nam a2200145Ia 4500
003
OSt
005
20240322151719.0
008
170523s9999 xx 000 0 und d
020
_a
978-0230520936
040
_c
iimtu meerut
100
_a
HARRIS
245
0
_a
SERVICES MARKETING
260
_b
PHI
942
_2
ddc
_c
02
999
_c
1872
_d
1872